期刊信息 |
| 索取号 |
N5/NJSHZH
|
| 题名 |
内江师专学报
|
| 作者 |
内江师专学报编辑部
|
| 分册号 |
|
| 分册名 |
|
| 出版地 |
内江(四川)
|
| 出版者 |
该刊编辑部
|
| 标准刊号 |
|
| 出版频率 |
季刊
|
| 中图法分类 |
G65
|
| 主题词 |
自然科学 丛书; 自然科学 文集; 自然科学 连续出版物
|
| 电子资源 | |
| |
|
| 000 | 01320nas022200385 45 | |
| 001 | 1196061480 | |
| 005 | 20070409155322.26 | |
| 021 | @aCN@b四川016(内) | |
| 100 | @a19930618a19879999km y0chiy0121 eb | |
| 101 | 0 | @achi@eeng@dchi |
| 102 | @aCN@b510000 | |
| 110 | @aahaz 0yu0 | |
| 200 | 1 | @a内江师专学报@ANEI JIANG SHI ZHUAN XUE BAO@f内江师专学报编辑部@FNei Jiang Shi Zhuan Xue Bao Bian Ji Bu@i自然科学版@IZI RAN KE XUE BAN@dJournal of Neijiang Teachers College@zeng |
| 207 | 0 | @a1987,no.2(1987)~=总3~ |
| 210 | @a内江(四川)@c该刊编辑部@d1987~ | |
| 215 | @d26cm | |
| 300 | @a自1990年起与该刊社会科学版合为季刊,no.2和no.4为自然科学版 | |
| 300 | @a内部刊物 | |
| 304 | @a1988,年no.2起有并列题名 | |
| 326 | @a季刊@b1990 | |
| 326 | @a半年刊@b1987~89 | |
| 510 | 1 | @aJournal of Neijiang Teachers College@zeng |
| 540 | 1 | @a内江 师专 学报@ANEI JIANG SHI ZHUAN XUE BAO |
| 606 | 0 | @a自然科学@x丛书 |
| 606 | 0 | @a自然科学@x文集 |
| 606 | 0 | @a自然科学@x连续出版物 |
| 676 | @a505@v19 | |
| 690 | @aG65@v3 | |
| 690 | @aN@v3 | |
| 690 | @aN5@v4 | |
| 701 | 0 | @a周德远@AZHOU DE YUAN@4主编 |
| 711 | 02 | @a内江师范专科学校@ANEI JIANG SHI FAN ZHUAN KE XUE XIAO@4主办 |
| 711 | 02 | @a内江师专学报编辑部@ANei Jiang Shi Zhuan Xue Bao Bian Ji Bu |
| 801 | 0 | @aCN@bPFT@c20070409 |
| 905 | @a1@cQ@dN5@eNJSHZH | |
| 内江师专学报/内江师专学报编辑部.自然科学版=Journal of Neijiang Teachers College.-1987,no.2(1987)~=总3~.-内江(四川):该刊编辑部,1987~ |
| 26cm |
| 自1990年起与该刊社会科学版合为季刊,no.2和no.4为自然科学版.-内部刊物 |
| ● |
| 相关链接: |
|
|
|
|